| 000 | 00711nam a22001817a 4500 | ||
|---|---|---|---|
| 005 | 20120419160948.0 | ||
| 020 |
_c00.00 _a |
||
| 035 | _aB-25488 | ||
| 037 |
_b _adpl |
||
| 082 | _a363.7 | ||
| 100 |
_aत्रिवेदी, ल.श. _945445 |
||
| 245 | 1 |
_aपर्यावरण और उसकी सुरक्षा / _cल,.श.त्रिवेदी |
|
| 260 |
_a _b _c |
||
| 270 |
_a _b _e _k |
||
| 300 |
_a139पृ. _c22सेमी (सजिल्द) |
||
| 942 |
_adpl _cHN _k _2ddc _h363.7 _mत्रिवेदी |
||
| 999 |
_c65321 _d65321 |
||